00325nam a22001337a 4500008004100000020001800041020001700059082001300076100001900089245002200108250001100130260002400141300002600165230202b |||||||| |||| 00| 0 eng d a9780072916942 a007291694- X a.302 MYE aMyers, David G aSocial Psychology a8th ed bMc Graw Hillc2005. axxiv.663 p :c26.5 cm